| 000 | 00510nam a2200253Ia 4500 | ||
|---|---|---|---|
| 001 | 072948 | ||
| 003 | YMCAF | ||
| 005 | 20230512160821.0 | ||
| 008 | 100717s1996 ||||||||||||||||| ||und|d | ||
| 020 | _a- | ||
| 024 | _a72948 | ||
| 035 | _a12411 | ||
| 040 |
_aYMCAF _beng _cIN-KoLT |
||
| 041 | _aeng | ||
| 082 |
_a006.32 _bZUR |
||
| 100 | _aZURAD J,M. | ||
| 245 | 0 | _aARTIFICIAL NUERAL NETTWORK | |
| 250 | _a- | ||
| 260 |
_bTMH _c1996 |
||
| 300 | _a0 | ||
| 653 | _a- | ||
| 653 | _a- | ||
| 942 |
_2ddc _cBK |
||
| 999 |
_c6577 _d6577 |
||